Maailman suurimmat 5-kirjaimiset kaupungit - Statistics

Yleistilastot
  • Tätä visaa on pelattu 510 kertaa
  • Keskiarvotulos 13 / 24
Vastaustilastot
Väkiluku Valtio Kaupunki % Oikein
41,2 milj. Japani Tokio
99%
22,8 milj. Egypti Kairo
95%
35,7 milj. Intia Delhi
92%
3,48 milj. Ukraina Kiova
88%
17,7 milj. Japani Osaka
77%
7,35 milj. Vietnam Hanoi
75%
6,05 milj. Yhdistyneet arabiemiraatit Dubai
71%
4,33 milj. Algeria Alger
68%
23,1 milj. Bangladesh Dhaka
68%
5,25 milj. Afganistan Kabul
66%
21,3 milj. Nigeria Lagos
65%
6,30 milj. Yhdysvallat Miami
64%
6,15 milj. Jordania Amman
61%
4,23 milj. Senegal Dakar
54%
12,6 milj. Kiina Wuhan
54%
6,80 milj. Ghana Accra
50%
3,98 milj. Etelä-Korea Busan
37%
3,95 milj. Saudi-Arabia Jedda
37%
5,05 milj. Yhdysvallat Tampa
31%
4,25 milj. Indonesia Medan
18%
8,05 milj. Intia Surat
15%
8,20 milj. Kiina Hefei
14%
6,75 milj. Kiina Jinan
14%
4,65 milj. Kiina Linyi
8%
Ehtoja vastaavia visoja ei löytynyt
Tulosjakauma
Jokaisen tuloksen saaneiden osuus
Persentiili vastausten määrän mukaan
Tuloshistoriasi
Et ole pelannut tätä visaa